000 01469nam a22003257i 4500
003 DO-SdBNP
005 20250521135025.0
007 ta
008 250402b2024 dr ||||| |||| 00| 0 spa d
020 _a9789945500035
040 _aDO-SdBNP
_bspa
_cBNPHU
_erda
041 _aspa
082 4 _a0
_bD418c
_222
100 _aDe Oleo, Víctor Andrés
_4aut.
_987185
_d1991-
_eautor
245 1 0 _aConejos & bastones /
_cVíctor Andrés De Oleo.
264 4 _aSanto Domingo, República Dominicana :
_bEditora Nocional,
_c©2024.
300 _a110 páginas ;
_c23 cm.
336 _atexto
_btxt
_2rdacontent
337 _asin mediación
_bn
_2rdamedia
338 _avolumen
_bnc
_2rdacarrier
490 0 _aCuento
500 _aFeria Internacional del Libro 2021
500 _aJurado: Carlos Nazario, Rosa Silverio e Isidro Jiménez Guillén
500 _aReimpresión, 2024
505 _aNo me tapes la cara 9 -- El juego de Rayuela 15 -- Por una n 25 -- Un mal cuento 33 -- Un destino roto 37 -- Deja vu 47-- El reflejo en casa 49 -- Matar a Moreira 55 -- Cerrado 69 -- Bajo el agua 71 -- Sin Mariela 81 -- La verdad de Mariana -- Los últimos 89 -- Los protagonistas 93 --Temblor 97 -- El peregrino de la disciplina 99 -- Distinguida 105 -- Ironía de una venganza 109 -- Un pacto para los cerdos 113 -- De un cuento sin final 127
586 _aPremio Joven de Cuento Pedro Peix 2021
590 _aInventariado, 2025 /LP
910 _aLP
942 _2ddc
_cLBS1
999 _c58579
_d58579